| 000 | 00000nam 2200000za 4500 |
| 001 | 9.816856 |
| 003 | CaOODSP |
| 005 | 20221107142337 |
| 007 | cr ||||||||||| |
| 008 | 160504s1992 onc |o f|0| 0 eng d |
| 040 | |aCaOODSP|beng |
| 043 | |an-cn--- |
| 086 | 1 |aCS89-548/1992E-PDF |
| 245 | 00|aAgeing and independence |h[electronic resource] |
| 260 | |a[Ottawa] : |bStatistics Canada, |c[1992]. |
| 300 | |a[42] p. : |btables. |
| 500 | |aDigitized edition from print [produced by Statistics Canada]. |
| 500 | |aCover title. |
| 692 | 07|2gccst|aAging |
| 692 | 07|2gccst|aIndependent living |
| 692 | 07|2gccst|aQuality of life |
| 710 | 2 |aStatistics Canada. |
| 856 | 40|qPDF|s4.92 MB|uhttps://publications.gc.ca/collections/collection_2016/statcan/CS89-548-1992-eng.pdf |